A rabbit's guide to Venice /

Hlavní autor: Mihálik, Sara
Další autoři: Suchá, Sarah
Jazyk: Angličtina
Vydáno: Praha : Lizard Ranch, 2013
Vydání: 1st print.
Témata:
Fyzický popis: [48] s. : barev. il. ; 27 cm
Knihy
Uloženo v:
LEADER 01696nam a2200481 a 4500
001 nkc20132519494
003 CZ PrNK
005 20160215105000.0
007 ta
008 131112s2013 xr a c f 000 0 eng
015 |a cnb002519494 
020 |a 978-80-87932-00-1  |q (váz.) 
035 |a (OCoLC)876340668 
040 |a BOA001  |b cze 
043 |a e-it--- 
072 7 |a 913(437)  |x Geografie Česka a Slovenska, reálie, cestování  |2 Konspekt  |9 7 
072 7 |a 0/9-053.2  |x Literatura pro děti a mládež (naučná)  |2 Konspekt  |9 26 
080 |a 72:904  |2 MRF 
080 |a 908(450)  |2 MRF 
080 |a (036)  |2 MRF 
080 |a (084.11)  |2 MRF 
080 |a (0.053.2)  |2 MRF 
100 1 |a Mihálik, Sara  |7 mzk2014810311  |4 aut 
245 1 2 |a A rabbit's guide to Venice /  |c by Sara Mihálik and Sarah Suchá 
250 |a 1st print. 
260 |a Praha :  |b Lizard Ranch,  |c 2013 
300 |a [48] s. :  |b barev. il. ;  |c 27 cm 
650 0 7 |a architektonické památky  |7 ph118585  |z Itálie  |2 czenas 
650 0 9 |a architectural monuments  |z Italy  |2 eczenas 
651 7 |a Benátky (Itálie)  |7 ge128745  |x vlastivěda  |2 czenas 
651 9 |a Venice (Italy)  |x history and geography  |2 eczenas 
655 7 |a průvodce  |7 fd133154  |2 czenas 
655 7 |a obrazové publikace  |7 fd132947  |2 czenas 
655 7 |a publikace pro děti  |7 fd133156  |2 czenas 
655 9 |a guidebooks  |2 eczenas 
655 9 |a pictorial works  |2 eczenas 
655 9 |a children's literature  |2 eczenas 
700 1 |a Suchá, Sarah  |7 mzk2014810312  |4 aut 
910 2 |a BOA001  |b 3-1320.504 
990 |a BK 
995 |a 01 
991 |b 201403  |c NOV  |e dn 
996 6 |b 2610584084  |c 3-1320.504  |l MZK  |r Sklad / do 1 hodiny  |n 0  |p p.v.  |w 001405819  |u 000010  |a 1  |e BOA001  |j MZK50  |s P